01394nam a2200217 a 4500008004100000020001500041041000800056092001600064100002900080245003900109250001100148260003400159300002100193500007300214505053800287590006600825655001700891942001300908999001500921952024000936180515t2006 ag |||g |||| 001 f spa d a9875801569 aspa c808l3sAND1 aAndahazi, Federico939143 aEl anatomista /cFederico Andahazi a1a ed. aBuenos Aires:bBooket;c2006. a232 p.b19x13 cm aAndahazi, F. (2006). El anatomista. (1a ed.). Buenos Aires : Booket. aEl héroe de esta novela es Mateo Colón, un anatomista de Renacimiento que, al enamorarse de una prostituta veneciana, emprende la búsqueda de alguna pócima para conseguir el amor. El anatomista comienza así la ardua exploración de la misteriosa naturaleza de las mujeres. Cuando intente hacerlo público, Colón deberá enfrentar otro poder: el de la despiadada inquisición. Federico Andahazi ha construido una novela apasionante, basada en la historia de uno de los médicos más sobresalientes del Renacimiento.  aProyecto 4to libro. Donación Adriana Navarro. Febrero 2019. aNovela93091 2ddccLIT c2863d2863 00102ddc4070aBFMbBFMcCRd2019-02-28eProyecto 4to libro. Donación Adriana Navarro. Febrero 2019.l4o808 3 ANDp4395r2022-08-10s2022-06-23tEj. 1w2019-02-28yLITzProyecto 4to libro. Donación Adriana Navarro. Febrero 2019.